00293nam a2200121Ia 4500008004100000041000900041082001800050100002200068245002300090260004200113300000800155650000800163230718s9999 xx 000 0 und d aEng. a364173bHAQ-P aHaq, Dr. Itcsamul 0aPallistan Man Trap aPakistanbLeahace Law Publisherc2003 a303 aLaw